[Event "LIX Verano Open"]
[Site "Villa Ballester ARG"]
[Date "2009.01.23"]
[Round "3"]
[White "Goldwaser,C"]
[Black "Jungblut,J"]
[Result "1-0"]
[WhiteElo "2356"]
[BlackElo "2086"]

1.Nf3 c5 2.c4 Nf6 3.Nc3 e6 4.g3 b6 5.Bg2 Bb7 6.O-O Be7 7.b3 O-O 8.Bb2 d6
9.d4 cxd4 10.Qxd4 Nbd7 11.Rfd1 a6 12.Ng5 Bxg2 13.Kxg2 Qc7 14.Nge4 Ne8 15.Rd2 f5
16.Nd5 Qb7 17.Nxe7+ Kf7 18.Nd5 fxe4 19.Ne3 Kg8 20.Ba3 Nc5 21.b4 Nd7 22.c5 b5
23.cxd6 Nef6 24.Rc2 Rac8 25.Rac1 Rxc2 26.Rxc2 Rc8 27.Rxc8+ Qxc8 28.Bb2 Qc6
29.Ng4 Qd5 30.Qc3 Qxd6 31.Qc8+ Kf7 32.Bxf6 gxf6 33.Qh8 Qxb4 34.Qxh7+ Ke8
35.Qg8+ Ke7 36.Qg7+ Ke8 37.Qg8+ Ke7 38.h4 e3 39.Nxe3 Qe4+ 40.Kh2 Qb1 41.h5 Qxa2
42.Nf5+  1-0

[Event "ch-PriFO"]
[Site "Kazan RUS"]
[Date "2009.01.24"]
[Round "4"]
[White "Terekhin,A"]
[Black "Dubov,Danil"]
[Result "1-0"]
[WhiteElo "2300"]
[BlackElo "2116"]

1.c4 g6 2.Nc3 c5 3.Nf3 Nf6 4.d4 cxd4 5.Nxd4 Nc6 6.e3 Bg7 7.Be2 O-O 8.O-O d6
9.b3 Nxd4 10.exd4 e5 11.dxe5 dxe5 12.Ba3 Re8 13.Qxd8 Rxd8 14.Rad1 Bf5 15.Be7 Rxd1
16.Rxd1 Ne4 17.Nxe4 Bxe4 18.Bf3 Bxf3 19.gxf3 Bf8 20.Rd7 Rb8 21.Kf1 Kg7 22.Bd8 Bc5
23.Ke2 Kf8 24.Bf6 Bd4 25.f4 Re8 26.Kf1 Rb8 27.fxe5 Bc5 28.Ke2 a6 29.a4 Bb4
30.f4 Ke8 31.e6 fxe6 32.Rxh7 Bf8 33.Be5  1-0

[Event "Queenstown Classic"]
[Site "Queenstown NZL"]
[Date "2009.01.24"]
[Round "10"]
[White "Johannessen,LE"]
[Black "Goldenberg,I"]
[Result "1-0"]
[WhiteElo "2539"]
[BlackElo "2398"]

1.c4 c5 2.Nf3 Nf6 3.Nc3 b6 4.d4 cxd4 5.Nxd4 Bb7 6.f3 d6 7.e4 e6 8.Be3 Be7
9.Qd2 O-O 10.Be2 a6 11.O-O Nbd7 12.Rfd1 Rc8 13.Rac1 Qc7 14.Bf1 Rfe8 15.a3 Qb8
16.Kh1 Bd8 17.Bg1 Bc7 18.Rc2 Kh8 19.b4 Ne5 20.Na4 Ned7 21.Rb1 Rcd8 22.Qc1 Qa8
23.Nb2 Rc8 24.Nd3 Bd8 25.a4 Be7 26.a5 bxa5 27.c5 dxc5 28.bxc5 Bc6 29.Ra1 Bd8
30.Nb3 a4 31.Nd4 a5 32.Qa3 Ng8 33.Nb2 Bf6 34.Nc4 Rb8 35.Nxc6 Qxc6 36.Qxa4 Ne7
37.Qxc6 Nxc6 38.Rd1 Re7 39.Nb6 Nf8 40.Bb5 Rc7 41.Rc4 g5 42.g3 Be5 43.Be3 h6
44.f4 gxf4 45.gxf4 Bf6 46.e5 Be7 47.Ba4 Rd8 48.Rd6 Nb4 49.Rxd8 Bxd8 50.c6 Be7
51.Bd2 Kg7 52.Kg2 f6 53.exf6+ Bxf6 54.Kf3 Ng6 55.Na8 Rc8 56.c7 Rxa8 57.c8=Q Rxc8
58.Rxc8 Ne7 59.Ra8 e5 60.Rxa5 Nbc6 61.Bxc6 Nxc6 62.Ra6 Ne7 63.fxe5 Bxe5 64.Bxh6+ Kf7
65.h4  1-0

[Event "1st Open"]
[Site "Gurgon IND"]
[Date "2009.01.26"]
[Round "7"]
[White "Murshed,N"]
[Black "Solodovnichenko,Y"]
[Result "0-1"]
[WhiteElo "2429"]
[BlackElo "2571"]

1.c4 Nf6 2.Nc3 c5 3.Nf3 e6 4.g3 b6 5.Bg2 Bb7 6.O-O Be7 7.d4 cxd4 8.Qxd4 d6
9.Rd1 a6 10.Ng5 Bxg2 11.Kxg2 Nc6 12.Qf4 Ra7 13.Nce4 Rd7 14.b3 d5 15.Nxf6+ Bxf6
16.Rb1 O-O 17.Qg4 Ne5 18.Qh5 h6 19.Nf3 dxc4 20.Rxd7 Nxd7 21.bxc4 Qc7 22.Qg4 h5
23.Qe4 Rc8 24.Nd2 Bc3 25.Qd3 Bxd2 26.Qxd2 Qc6+ 27.Kg1 Ne5 28.Qg5 Qe4 29.Rxb6 Qxe2
30.Kg2 Qe4+ 31.Kh3 Nf3 32.Qf4 Ng1+  0-1

[Event "7th Gibtelecom Masters"]
[Site "Caleta ENG"]
[Date "2009.01.30"]
[Round "4"]
[White "Linqvist,G"]
[Black "Van Heirzeele,D"]
[Result "1/2-1/2"]
[WhiteElo "2034"]
[BlackElo "2189"]

1.c4 Nf6 2.Nc3 c5 3.Nf3 e6 4.e3 b6 5.d4 cxd4 6.exd4 Bb7 7.Bd3 Be7 8.O-O d5
9.b3 O-O 10.Bb2 Nc6 11.Qe2 Re8 12.Rad1 Bf8 13.Rfe1 g6 14.Bb1 Bg7 15.Ne5 dxc4
16.Nxc6 Bxc6 17.bxc4 Rc8 18.Bc2 Rc7 19.f3 Qc8 20.Bb3 Rd7 21.Rd3 a6 22.a4 Red8
23.Red1 Nh5 24.Qe3 Qc7 25.Bc1 Re7 26.Kh1 Bb7 27.Ne2 h6 28.Ba3 Ree8 29.Bc1 Nf6
30.Nc3 Nd7 31.R3d2 Nb8  1/2-1/2

[Event "Open"]
[Site "Moscow RUS"]
[Date "2009.01.31"]
[Round "1"]
[White "Bocharov,D"]
[Black "Safarli,E"]
[Result "1/2-1/2"]
[WhiteElo "2647"]
[BlackElo "2564"]

1.c4 Nf6 2.Nc3 c5 3.Nf3 e6 4.g3 Nc6 5.Bg2 d5 6.cxd5 Nxd5 7.O-O Be7 8.d4 O-O
9.Nxd5 exd5 10.dxc5 Bxc5 11.Bg5 Qd7 12.Ne1 d4 13.Nd3 Bb6 14.a4 Qf5 15.Bd2 Rd8
16.b4 a5 17.b5 Ne7 18.Rc1 Nd5 19.Nf4 Nf6 20.Qb3 h6 21.h4 Qe5 22.Rfd1 Qe7
23.e4 d3 24.Be1 g5 25.hxg5 hxg5 26.Nxd3 Nxe4 27.Nb2 Bg4 28.Rd3 Rdc8 29.Ra1 Nxf2
30.Bxf2 Bxf2+ 31.Kxf2 Qe2+ 32.Kg1 Rc2 33.Qd5 Rxb2 34.Rf1 Be6 35.Qxg5+ Kf8
36.Qh6+ Kg8 37.Qg5+ Kf8 38.Qh6+  1/2-1/2

[Event "7th Gibtelecom Masters"]
[Site "Caleta ENG"]
[Date "2009.02.03"]
[Round "8"]
[White "Drenth,J"]
[Black "Solomon,K"]
[Result "0-1"]
[WhiteElo "2140"]
[BlackElo "2348"]

1.c4 Nf6 2.Nc3 c5 3.Nf3 e6 4.a3 Nc6 5.d4 cxd4 6.Nxd4 d5 7.cxd5 Nxd5 8.Nxc6 bxc6
9.e4 Nxc3 10.Qxd8+ Kxd8 11.bxc3 Bc5 12.Bc4 Ke7 13.Ke2 Rb8 14.Ra2 e5 15.Rd1 Be6
16.Bxe6 Kxe6 17.Be3 Bxe3 18.Kxe3 Rhc8 19.Rd3 Rb3 20.h4 Rc7 21.a4 Rcb7 22.Rad2 Ke7
23.Ra2 a5 24.g3 Rb1 25.Kf3 R7b2 26.Rd2 Rxa2 27.Rxa2 Rb3 28.Rc2 Kd6 29.Ke3 Ra3
30.f4 exf4+ 31.gxf4 Rxa4 32.Rd2+ Ke6 33.Rd8 f5 34.exf5+ Kxf5 35.Rf8+ Ke6
36.f5+ Ke7 37.Ra8 Kf6 38.Ra6 Kxf5 39.Rxc6 Re4+ 40.Kd3 Rxh4 41.Rc5+ Kf4 42.Rxa5 Rh3+
43.Kd4 g5 44.Ra7 Rh1 45.Rf7+ Kg3 46.c4 h5 47.Ra7 Rd1+ 48.Ke4 Kg4 49.c5 h4
50.Ra2 Rc1 51.Rg2+ Kh5 52.Ra2 Rxc5 53.Kf3 h3 54.Kg3 Rc3+ 55.Kh2 Kh4 56.Ra8 Rc2+
57.Kh1 g4 58.Ra4 Re2 59.Rb4 Kg5 60.Ra4 Rf2 61.Rb4 g3 62.Rb1 Kg4 63.Rb4+ Rf4
64.Rb1 g2+ 65.Kg1 Kg3 66.Rb3+ Rf3  0-1

[Event "TCh-NED 2008-9"]
[Site "Netherlands NED"]
[Date "2009.02.07"]
[Round "5"]
[White "Van der Werf,M"]
[Black "Jens,J"]
[Result "0-1"]
[WhiteElo "2414"]
[BlackElo "2397"]

1.Nf3 Nf6 2.c4 c5 3.Nc3 e6 4.g3 b6 5.Bg2 Bb7 6.O-O Be7 7.b3 O-O 8.Bb2 d6
9.e3 Nbd7 10.d4 cxd4 11.Nxd4 Bxg2 12.Kxg2 Qc7 13.f4 Qb7+ 14.Qf3 Qxf3+ 15.Kxf3 Rfc8
16.Rfd1 a6 17.g4 g6 18.g5 Ne8 19.h4 Ng7 20.Rd2 f5 21.Nde2 Rab8 22.e4 b5 23.e5 bxc4
24.exd6 Bf8 25.bxc4 Rxc4 26.Ba3 e5 27.Nd5 Ne6 28.Rc1 Ra4 29.Rc3 Kf7 30.Kg2 exf4
31.Nf6 Nxf6 32.gxf6 Rd8 33.Ng1 Rd4 34.Rcd3 Rxd3 35.Rxd3 g5 36.Nf3 g4 37.Ne5+ Kxf6
38.Bb2 f3+ 39.Kf1 Nf4 40.Re3 Rxd6 41.Nd3+ Kf7 42.Nxf4 Rd1+ 43.Re1 Rd2 44.Bc3 Rc2
45.Bd4 Bd6 46.Nh5 Rh2 47.Ng7 Rh1+ 48.Kf2 g3+ 49.Kxf3 Rxe1 50.Nxf5 Rf1+ 51.Kg4 Rf4+
52.Kg5 Rxd4  0-1

[Event "US Amateur Team-ch East"]
[Site "Parsipanny USA"]
[Date "2009.02.16"]
[Round "5"]
[White "Yeliseyev,I"]
[Black "Parrilla,M"]
[Result "1/2-1/2"]
[WhiteElo "2147"]
[BlackElo "1963"]

1.c4 Nf6 2.Nc3 c5 3.Nf3 d5 4.cxd5 Nxd5 5.g3 Nc6 6.Bg2 Nc7 7.O-O e5 8.d3 Be7
9.Ne1 Bd7 10.f4 exf4 11.gxf4 O-O 12.Bd2 Qc8 13.Ne4 Nd4 14.Nf3 Bc6 15.Ne5 Bd5
16.e3 Nc6 17.Qh5 f6 18.Bh3 Qe8 19.Qxe8 Rfxe8 20.Nxc6 Bxc6 21.Rac1 b6 22.Bg2 Bb5
23.Nc3 Bxd3 24.Bxa8 Bxf1 25.Bc6 Rd8 26.Kxf1 Rxd2 27.Ke1 Rd6 28.Bb7 f5 29.e4 fxe4
30.Nxe4 Rd4 31.Ke2 Ne6 32.Rf1 Nd8 33.Ba8 Nf7 34.f5 Rd8 35.Bb7 Rd4 36.b3 Nd6
37.Nxd6 Bxd6 38.h3 Kf7 39.Rf3  1/2-1/2

[Event "It B"]
[Site "Nancy FRA"]
[Date "2009.02.17"]
[Round "2"]
[White "Pucher,O"]
[Black "Lagarde,Max"]
[Result "0-1"]
[WhiteElo "2338"]
[BlackElo "2343"]

1.c4 c5 2.Nf3 Nf6 3.Nc3 d5 4.cxd5 Nxd5 5.e4 Nb4 6.Bc4 Nd3+ 7.Ke2 Nf4+ 8.Kf1 Ne6
9.b4 Nc6 10.bxc5 g6 11.Ba3 Bg7 12.h4 h6 13.Rb1 O-O 14.Qc1 Ned4 15.Nd5 Nxf3
16.gxf3 e6 17.Nf4 Qf6 18.d4 Nxd4 19.c6 bxc6 20.Bxf8 Bxf8 21.Rg1 Kh7 22.Qe3 e5
23.Ng2 Nxf3 24.Rh1 Nd4 25.f4 Bd6 26.h5 exf4 27.hxg6+ fxg6 28.Qd2 Qe5 29.Bd3 g5
30.Ne1 f3 31.Nc2 Bc5 32.Ne3 Ne2 33.Nf5 Bxf5 34.Rb7+ Kg8 35.Bc4+ Be6 36.Rxh6 Qa1+
37.Qe1 Ng3+  0-1

[Event "81st ch-StP"]
[Site "St Petersburg RUS"]
[Date "2009.02.18"]
[Round "2"]
[White "Pogosian,Vl"]
[Black "Kislinsky,A"]
[Result "0-1"]
[WhiteElo "2308"]
[BlackElo "2468"]

1.Nf3 Nf6 2.c4 c5 3.Nc3 b6 4.d4 cxd4 5.Nxd4 Bb7 6.f3 e6 7.e4 d6 8.Bg5 a6
9.Qd2 Be7 10.Rd1 Nbd7 11.Nc2 Qc7 12.Be3 Rc8 13.Bf2 O-O 14.Ne3 Ne5 15.Be2 Ng6
16.g4 Rfe8 17.Bg3 Rcd8 18.h4 h6 19.h5 Ne5 20.O-O Bc6 21.f4 Ned7 22.Bf3 Nc5
23.Qg2 Nh7 24.Nc2 Bf6 25.Bf2 Bxc3 26.bxc3 e5 27.g5 Kh8 28.Nb4 Ne6 29.Be3 Nxf4
30.Bxf4 exf4 31.g6 fxg6 32.Qxg6 Re5 33.Nxc6 Qxc6 34.Rd5 Nf6 35.Rxe5 dxe5
36.Qf7 b5 37.cxb5 axb5 38.Qe7 Re8 39.Qb4 Rc8 40.Rc1 Qe8 41.Be2 Nxh5 42.Kf2 Ng3
43.Qxb5 Nxe4+ 44.Kf3 Nd2+ 45.Kf2 Qg6 46.Qd3 e4 47.Qh3 e3+ 48.Ke1 Qg1+ 49.Bf1 Rd8
50.Qg2 Qxg2 51.Bxg2 f3 52.Bxf3 Nxf3+ 53.Ke2 Ne5 54.c4 Rd2+ 55.Kxe3 Rxa2 56.Ke4 Re2+
57.Kd5 Kh7 58.c5 h5 59.Rh1 Kh6 60.Ra1 h4 61.Ra6+ Kg5 62.Re6 Kf5 63.c6 Rd2+  0-1

[Event "It B"]
[Site "Nancy FRA"]
[Date "2009.02.22"]
[Round "9"]
[White "Marzolo,C"]
[Black "Pucher,O"]
[Result "1-0"]
[WhiteElo "2484"]
[BlackElo "2338"]

1.Nf3 Nf6 2.c4 e6 3.Nc3 c5 4.e3 d5 5.d4 cxd4 6.exd4 Bb4 7.cxd5 Nxd5 8.Bd2 Nc6
9.Bd3 O-O 10.O-O Be7 11.a3 Bf6 12.Ne2 e5 13.dxe5 Nxe5 14.Nxe5 Bxe5 15.Qc2 g6
16.Rad1 Be6 17.b4 Qc7 18.Qxc7 Bxc7 19.Nd4 Bg4 20.Rc1 Rfd8 21.Be4 Bb6 22.Nb3 Rd7
23.Bg5 Re8 24.Bb1 f6 25.Bd2 Re2 26.Bd3 Ree7 27.Bb5 Be2 28.Bxd7 Bxf1 29.Bc8 Ba6
30.Nc5 Re2 31.Rd1 Bxc5 32.bxc5 Ne7 33.Bg4 Re4 34.Bf3 Rd4 35.Bc3 Rxd1+ 36.Bxd1 Kg7
37.Bb3 Bb5 38.h4 h5 39.f3 Bc6 40.Kf2 Nd5 41.Bd4 Kf7 42.g4 Ke7 43.Kg3 a6 44.Bd1 Ke6
45.gxh5 gxh5 46.f4 Be8 47.Bf3 f5 48.Be5 Bf7 49.Kf2 Kd7 50.Ke2 Kc6 51.Bd4 Kb5
52.Kd2 Kc4 53.Bg1 a5 54.Bg2 Nxf4 55.Bxb7 Kb5 56.Bf3 Bd5 57.Bd1 Ng2 58.Be3 Nxh4
59.Bxh5 a4 60.Be2+ Kc6 61.Kc3 Ng6 62.Kb4 Ne5 63.Bf4 Ng6 64.Be3 Nf8 65.Bb5+ Kb7
66.Bxa4 Ne6 67.Bc2 Nxc5 68.Kxc5 Be4 69.Bb3 Bf3 70.Bc4 Be4 71.a4 Ka7 72.Bf2 f4
73.Kd6+ Kb8 74.a5 Kb7 75.a6+ Kb8 76.Kc5 Ka7 77.Kb5+ Kb8 78.Kb6  1-0

[Event "TCh-AUT 2nd Bundesliga Ost 2008-9"]
[Site "Austria AUT"]
[Date "2009.02.28"]
[Round "8"]
[White "Petschar,H"]
[Black "Stranz,R"]
[Result "1/2-1/2"]
[WhiteElo "2075"]
[BlackElo "2253"]

1.Nf3 c5 2.c4 Nf6 3.Nc3 g6 4.e4 d6 5.d4 cxd4 6.Nxd4 Bg7 7.Be2 O-O 8.Be3 b6
9.O-O Bb7 10.f3 Nbd7 11.Qd2 Rc8 12.Rac1 Re8 13.Rfd1 Qc7 14.Bf1  1/2-1/2

[Event "25th Open"]
[Site "Cappelle la Grande FRA"]
[Date "2009.02.28"]
[Round "1"]
[White "Petkevich,J"]
[Black "Vorobiov,E"]
[Result "1/2-1/2"]
[WhiteElo "2435"]
[BlackElo "2591"]

1.Nf3 c5 2.c4 Nf6 3.Nc3 d5 4.cxd5 Nxd5 5.e3 e6 6.d4 Be7 7.Bb5+ Bd7 8.Bxd7+ Nxd7
9.Nxd5 exd5 10.dxc5 Nxc5 11.O-O  1/2-1/2

[Event "TCh-AUT 2nd Bundesliga Ost 2008-9"]
[Site "Austria AUT"]
[Date "2009.03.01"]
[Round "9"]
[White "Srienz,C"]
[Black "Hechl,G"]
[Result "1/2-1/2"]
[WhiteElo "2232"]
[BlackElo "2218"]

1.c4 Nf6 2.Nc3 c5 3.Nf3 e6 4.d4 cxd4 5.Nxd4 Qb6 6.Ndb5 Bc5 7.e3 O-O 8.Ne4 Bb4+
9.Bd2 Qa5 10.Nec3 a6 11.Nd4 Qc7 12.a3 Be7 13.b4 b6 14.Rc1 Bb7 15.Nf3 d6  1/2-1/2

[Event "TCh-AUT 2nd Bundesliga West 2008-9"]
[Site "Austria AUT"]
[Date "2009.03.07"]
[Round "10"]
[White "Leeb,H"]
[Black "Levy,Pas"]
[Result "1-0"]
[WhiteElo "2157"]
[BlackElo "2058"]

1.c4 Nf6 2.Nf3 c5 3.Nc3 e6 4.g3 b6 5.Bg2 Bb7 6.O-O Be7 7.d4 cxd4 8.Qxd4 Nc6
9.Qf4 a6 10.Rd1 d6 11.b3 Qc7 12.Ba3 Ne5 13.Nxe5 dxe5 14.Qc1 Bxg2 15.Kxg2 O-O
16.Bxe7 Qxe7 17.Qe3 Qc7 18.Rd3 Ng4 19.Qd2 Qc5 20.Ne4 Qc6 21.f3 f5 22.Rd6 Qb7
23.Ng5 Rae8 24.Nxe6 Rf6 25.Rd7 Qc6 26.Nd8 Qa8 27.Nb7 Nh6 28.Rd1 Nf7 29.Qd5 Rfe6
30.b4 f4 31.g4 R8e7 32.c5 bxc5 33.bxc5 e4 34.fxe4 Rxe4 35.Rxe7 Rxe7 36.c6 Qc8
37.h3 Rxe2+ 38.Kf1 Re5 39.Qxf7+ Kxf7 40.Nd6+ Ke6 41.Nxc8 Rc5 42.Na7 Rc2 43.a4 Ke5
44.Re1+ Kd4 45.Re7  1-0

[Event "10th EICC"]
[Site "Budva MNE"]
[Date "2009.03.09"]
[Round "4"]
[White "Dobrov,V"]
[Black "Belov,Vl"]
[Result "0-1"]
[WhiteElo "2510"]
[BlackElo "2627"]

1.Nf3 Nf6 2.c4 c5 3.Nc3 e6 4.g3 b6 5.Bg2 Bb7 6.O-O Be7 7.Re1 d6 8.e4 a6 9.d4 cxd4
10.Nxd4 Qc7 11.f4 O-O 12.g4 Re8 13.b3 b5 14.g5 Nfd7 15.f5 Nf8 16.Qg4 Bd8
17.Bb2 Qb6 18.Ne2 e5 19.Kh1 bxc4 20.f6 exd4 21.Bxd4 Qc7 22.Nf4 Nc6 23.fxg7 Ng6
24.Nxg6 Nxd4 25.Nf8 Kxg7 26.Nxh7 Kxh7 27.Qh5+ Kg7 28.Qh6+ Kg8 29.Rf1 Re6
30.Rf6 Nf5 31.Qh3 Rxf6 32.gxf6 Bxf6 33.Rf1 Bg7 34.exf5 f6 35.bxc4 Rc8 36.Rf4 Re8
37.Qd3 Re1+ 38.Rf1 Bxg2+ 39.Kxg2 Qc6+ 40.Kg3 Re4 41.Rd1 Rxc4 42.Qd5+ Qxd5
43.Rxd5 Bf8 44.Ra5 Rc5 45.Rxa6 Rxf5 46.a4 Kf7 47.a5 Rb5 48.Ra8 d5 49.a6 Ra5
50.Kf4 Bd6+ 51.Kf5 d4+ 52.Ke4 Bxh2 53.Kxd4 Re5 54.Kc4 Bg1 55.Kb4 Re8  0-1

[Event "10th EICC w"]
[Site "St Petersburg RUS"]
[Date "2009.03.10"]
[Round "3"]
[White "Kovalevskaya,E"]
[Black "Aginian,N"]
[Result "1/2-1/2"]
[WhiteElo "2442"]
[BlackElo "2335"]

1.c4 c5 2.Nf3 Nf6 3.Nc3 d5 4.cxd5 Nxd5 5.e4 Nxc3 6.dxc3 Qxd1+ 7.Kxd1 g6 8.Be3 b6
9.Bc4 Bb7 10.Ke2 Bg7 11.Rad1 O-O 12.Bd5 Nc6 13.Bg5 e6 14.Bxc6 Bxc6 15.Nd2 f6
16.Be3 f5 17.f3 Rad8 18.g3 Rd7 19.Rc1 Bf6 20.Rhe1 Rfd8 21.Rc2 Bb5+ 22.c4 Bc6
23.Kf1 Kf7 24.Re2 Rd3 25.Kg2 Ba4 26.b3 Bc6 27.Bf2 Bc3 28.Nf1 Kf6 29.h4 fxe4
30.fxe4 h5 31.Nh2 Rf8 32.Nf3 Ke7 33.Ng5 Bf6 34.Be3 Bxg5 35.Bxg5+ Kd7 36.Rcd2 Rxd2
37.Rxd2+ Kc8 38.Re2 Rf7 39.Bf4 Rd7 40.Kf3 Rd1 41.Be5 Rf1+ 42.Ke3 Kb7 43.Bc3 Kc8
44.Re1 Rxe1+ 45.Bxe1 Kd7 46.Bc3 b5 47.Kd3 bxc4+ 48.Kxc4 Bxe4 49.Kxc5 Kc7
50.b4 a6 51.a4 Kb7 52.Be5 Bc2 53.a5 Bd3 54.Bf4 Bc2 55.Be5 Bd3 56.Bf4 Bc2
57.Kd4  1/2-1/2

[Event "10th EICC"]
[Site "Budva MNE"]
[Date "2009.03.11"]
[Round "6"]
[White "Pilaj,H"]
[Black "Berczes,D"]
[Result "1-0"]
[WhiteElo "2393"]
[BlackElo "2513"]

1.Nf3 Nf6 2.c4 e6 3.Nc3 c5 4.e4 Nc6 5.Be2 Qc7 6.d4 cxd4 7.Nxd4 a6 8.a3 Nxd4
9.Qxd4 Bd6 10.Be3 Be5 11.Qd2 O-O 12.c5 Rd8 13.f4 Bxc3 14.Qxc3 d5 15.e5 d4
16.Bxd4 Nd5 17.Qc1 Ne7 18.Bf2 Bd7 19.Bh4 Ba4 20.O-O Rd5 21.Bxe7 Qxe7 22.b4 Rad8
23.Qe3 g6 24.Rac1 Rd2 25.Rc3 Qd7 26.Bf3 h5 27.Be4 h4 28.h3 Bb5 29.Re1 Bc6
30.Bxc6 Qxc6 31.Qf3 Ra2 32.Qxc6 bxc6 33.Kh2 Rdd2 34.Rg1 Rf2 35.Rd3 Rxf4 36.Rd6 Rxa3
37.Rxc6 Rxb4 38.Rf1 Rb7 39.Rc8+ Kg7 40.c6 Re7 41.Rc1  1-0

[Event "10th EICC"]
[Site "Budva MNE"]
[Date "2009.03.12"]
[Round "7"]
[White "Pogorelov,R"]
[Black "Chapman,T"]
[Result "1/2-1/2"]
[WhiteElo "2451"]
[BlackElo "2251"]

1.Nf3 Nf6 2.c4 c5 3.Nc3 e6 4.g3 b6 5.Bg2 Bb7 6.O-O Be7 7.Re1 d5 8.cxd5 Nxd5
9.e4 Nb4 10.d4 cxd4 11.Nxd4 O-O 12.a3 N4c6 13.Nxc6 Nxc6 14.e5 Qb8 15.Bf4 Rd8
16.Qf3 h6 17.h4 Rd7 18.Qg4 Kh8 19.Ne4 Nxe5 20.Bxe5 Qxe5 21.Ng5 Qf5 22.Qxf5 exf5
23.Nxf7+ Kg8 24.Ne5 Rc7 25.Bh3 Be4 26.g4 Bxh4 27.gxf5 Bb7 28.Ng6 Bf6 29.Re2 Rac8
30.Rae1 Rc1 31.Bg4 Kh7 32.Kh2 Rxe1 33.Rxe1 h5 34.Bxh5 Kh6 35.Bg4 Bxb2 36.Kg3 Rc1
37.Re6 Rg1+ 38.Kh3 Rh1+ 39.Kg3 Rg1+ 40.Kh3 Rh1+ 41.Kg3  1/2-1/2

[Event "10th EICC"]
[Site "Budva MNE"]
[Date "2009.03.14"]
[Round "8"]
[White "Savchenko,B"]
[Black "Stanojevic,B"]
[Result "1-0"]
[WhiteElo "2654"]
[BlackElo "2276"]

1.Nf3 Nf6 2.c4 e6 3.Nc3 c5 4.d4 cxd4 5.Nxd4 a6 6.g3 Be7 7.Bg2 Qc7 8.O-O d6
9.b3 Nc6 10.Ba3 O-O 11.Rc1 Ne5 12.e4 Qa5 13.Na4 Bd7 14.f4 Ng6 15.Qe1 Qxe1
16.Rfxe1 Bxa4 17.bxa4 Rac8 18.e5 dxe5 19.Bxe7 Nxe7 20.fxe5 Nd7 21.Bxb7 Rc5
22.Nb3 Rc7 23.Bxa6 Ng6 24.c5 Ngxe5 25.Red1 Nc6 26.a5 Rb8 27.Bf1 g5 28.a6 Nde5
29.Rb1 Rb4 30.a3 Re4 31.Na1 Ra4 32.Nc2 Ra5 33.Rb7 Rc8 34.Bb5 Nd8 35.a4 Nxb7
36.axb7 Rb8 37.c6 Nxc6 38.Bxc6 Rc5 39.Nb4 Rxc6 40.Rd8+  1-0

[Event "TCh-FIN"]
[Site "Finland FIN"]
[Date "2009.03.14"]
[Round "8"]
[White "Norri,J"]
[Black "Nyysti,S"]
[Result "1-0"]
[WhiteElo "2353"]
[BlackElo "2359"]

1.Nf3 Nf6 2.c4 c5 3.Nc3 d5 4.cxd5 Nxd5 5.e4 Nb4 6.Bc4 Be6 7.Bxe6 Nd3+ 8.Kf1 fxe6
9.Ng5 Nc6 10.Nxe6 Qd7 11.Nxc5 Nxc5 12.Qh5+ g6 13.Qxc5 e6 14.Qc4 Bg7 15.h4 O-O
16.Rh3 Bd4 17.Nd1 Rf7 18.d3 Ne5 19.Qb3 Ng4 20.f3 Rd8 21.Bg5 Bf6 22.Ke2 Bxg5
23.hxg5 Ne5 24.Nf2 Qe7 25.Kf1 Rd6 26.Qa3 Qd8 27.Qxa7 Nxd3 28.Ng4 Nf4 29.Nh6+ Kg7
30.Nxf7 Rd1+ 31.Rxd1 Qxd1+ 32.Kf2 Nxh3+ 33.gxh3 Qc2+ 34.Kg3 Qxb2 35.Nd8 Qe5+
36.Kg4 h5+ 37.gxh6+ Kf6 38.Qe3  1-0

[Event "Copa Ajedrez Plus"]
[Site "Ramos Mejia ARG"]
[Date "2009.03.15"]
[Round "3"]
[White "Goldwaser,C"]
[Black "Larrea,M"]
[Result "1-0"]
[WhiteElo "2356"]
[BlackElo "2276"]

1.Nf3 Nf6 2.c4 c5 3.Nc3 b6 4.g3 Bb7 5.Bg2 e6 6.O-O Be7 7.d4 cxd4 8.Qxd4 O-O
9.Rd1 d6 10.b3 Nbd7 11.Ba3 Nc5 12.Ng5 Bxg2 13.Kxg2 Qc7 14.Bxc5 dxc5 15.Qd3 h6
16.Nge4 Rad8 17.Qf3 Nxe4 18.Nxe4 f5 19.Nc3 Bf6 20.Nb5 Qe7 21.Rab1 Rd7 22.Rd3 Rxd3
23.exd3 Rd8 24.Na3 g5 25.h3 Kg7 26.Nc2 Kg6 27.g4 Qd6 28.Rd1 f4 29.Qe4+ Kg7
30.Ne1 Rd7 31.Nf3 e5 32.Ng1 Qd4 33.Qxd4 exd4 34.Re1 Re7 35.Rxe7+ Bxe7 36.Kf3 Kf6
37.Ke4 Ke6 38.Nf3 Bf6 39.h4 a5 40.hxg5 hxg5 41.Ng1 Be7 42.Kf3 Ke5 43.Ke2 Kd6
44.Kd2 Bf6 45.Kc2 Kc6 46.Nf3 Kb7 47.Kb2 Ka6 48.Nd2 Be7 49.Ne4 Kb7 50.Ka3 Kc6
51.Ka4 Bd8 52.Nd2 Be7 53.Nf3 Bf6 54.a3 Be7 55.Ne5+ Kd6 56.Ng6 Bd8 57.f3 Kc6
58.Ne5+ Kc7 59.Kb5 Bf6 60.Nf7 Be7 61.Nh6 Bf8 62.Ng8 Kb7 63.Nf6 Be7 64.Ne4 Kc7
65.Ka6 Kc6 66.Nf2 Bf6 67.Nd1 Be7 68.Nb2 Bf6 69.Ka7 Be5 70.Nd1 Kc7 71.Nf2 Bf6
72.Ne4 Be7 73.Nd2 Bf6 74.Ka8 Be7 75.Ne4 Kc8 76.Nf2 Kc7 77.Ka7 Bf6 78.Nd1 Be5
79.Nb2 Kc6 80.Na4 Bc7 81.Ka8 Be5 82.Nb2 Kc7 83.Ka7 Kc6 84.Ka6 Bf6 85.Nd1 Be5
86.Nf2 Bf6 87.Ne4 Be7 88.a4 Bd8 89.Ka7 Kc7 90.Nd2 Bf6 91.Nb1 Bd8 92.Na3 Kc8
93.Nb5 Bc7 94.Ka6 Kb8 95.Nxc7 Kxc7 96.Ka7 Kc6 97.Kb8  1-0

[Event "10th EICC Qualification Playoff"]
[Site "Budva MNE"]
[Date "2009.03.18"]
[Round "1.1"]
[White "Pashikian,A"]
[Black "Lupulescu,C"]
[Result "0-1"]
[WhiteElo "2621"]
[BlackElo "2608"]

1.Nf3 c5 2.c4 Nf6 3.Nc3 d5 4.cxd5 Nxd5 5.g3 Nc6 6.Bg2 Nc7 7.O-O e5 8.d3 Be7
9.Nd2 Bd7 10.Nc4 f6 11.f4 b5 12.Ne3 exf4 13.Nf5 O-O 14.Nxe7+ Qxe7 15.Bxf4 Ne6
16.Nd5 Qd8 17.Bd6 Re8 18.Rc1 Rc8 19.Bxc5 Ncd4 20.Bxd4 Rxc1 21.Qxc1 Nxd4 22.Qc5 Nxe2+
23.Kh1 a6 24.Nc7 Re5 25.Qd6 Qe7 26.Qxe7 Rxe7 27.Nxa6 Nd4 28.Nc5 Bc8 29.Ne4 f5
30.Nd6 Be6 31.Re1 b4 32.h4 Kf8 33.Re5 Bxa2 34.Ra5 Re1+ 35.Kh2 Be6 36.Nb5 Nxb5
37.Rxb5 b3 38.d4 Re2 39.d5 Bf7 40.d6 Be6 41.Kg1 Rd2 42.Rb6 Kf7 43.h5 Kf6
44.Bf3 Ke5 45.Rb7 Kxd6 46.Rxg7 Rxb2 47.Rb7 Rc2 48.Rb6+ Ke5 49.Rb5+ Kf6 50.Rb6 b2  0-1

[Event "TCh-AUT 1st Bundesliga 2008-9"]
[Site "Ansfelden AUT"]
[Date "2009.03.19"]
[Round "8"]
[White "Buhmann,R"]
[Black "Ftacnik,L"]
[Result "1/2-1/2"]
[WhiteElo "2565"]
[BlackElo "2562"]

1.Nf3 Nf6 2.c4 c5 3.Nc3 e6 4.g3 b6 5.Bg2 Bb7 6.O-O Be7 7.Re1 Ne4 8.Nxe4 Bxe4
9.d3 Bb7 10.e4 Nc6 11.d4 Nxd4 12.Nxd4 cxd4 13.Qxd4 O-O 14.Rd1 d6 15.a4 Qc7
16.Ra2 f5 17.b3 Rad8 18.a5 Bf6 19.axb6 axb6 20.Qd3 fxe4 21.Bxe4 Bxe4 22.Qxe4 Rfe8
23.Bf4 Qc5 24.Be3 Qb4 25.Qd3 d5 26.Ra4 Qd6 27.cxd5 exd5 28.Bd4 Rf8 29.Ra6 Bxd4
30.Qxd4 Rf6 31.Rc1 Rdf8 32.Ra7 R6f7 33.Rxf7 Rxf7 34.b4 h6 35.b5 Qf6 36.Rc8+ Kh7
37.Qxf6 Rxf6 38.Kf1 Rf3 39.Rc6 Rb3 40.Rxb6 d4 41.h4 d3 42.Ke1 Rb2 43.f4 h5
44.Kd1 g6 45.Rb7+ Kh8 46.b6 Kg8 47.Kc1 Rc2+ 48.Kd1 Rb2 49.Rb8+ Kh7 50.b7 d2
51.Ke2 Kg7 52.Rd8 Rxb7 53.Rxd2 Kf6 54.Rd6+ Kf5 55.Rd5+ Kf6 56.Ke3 Rb3+ 57.Rd3 Rb4
58.Kf3 Kf5 59.Rd5+  1/2-1/2

[Event "TOP 16 GpA"]
[Site "Mulhouse FRA"]
[Date "2009.03.20"]
[Round "1"]
[White "Chuchelov,V"]
[Black "Vuilleumier,A"]
[Result "1-0"]
[WhiteElo "2575"]
[BlackElo "2305"]

1.Nf3 Nf6 2.c4 c5 3.Nc3 g6 4.e4 d6 5.d4 cxd4 6.Nxd4 Nc6 7.Be2 Nxd4 8.Qxd4 Bg7
9.Bg5 Qa5 10.Qd2 Be6 11.Rc1 O-O 12.f3 Rfc8 13.b3 a6 14.Na4 Qxd2+ 15.Kxd2 Rab8
16.Nc3 Kf8 17.Be3 Bd7 18.g4 e6 19.Rhd1 Ke7 20.a4 b6 21.Bf4 Ne8 22.Na2 Bb2
23.Rc2 Be5 24.Bg5+ Bf6 25.Be3 Nc7 26.Ke1 Bc6 27.Rcd2 Rd8 28.Bf4 Bh4+ 29.Kf1 e5
30.Nb4 Bb7 31.Be3 Ba8 32.Nd5+ Bxd5 33.cxd5 Kd7 34.Rc1 Rb7 35.Rdc2 Rdb8 36.f4 Bf6
37.g5 exf4 38.Bxb6 Rxb6 39.Rxc7+ Ke8 40.gxf6  1-0

[Event "Tancats de la Societat Coral C IM"]
[Site "Sabadell ESP"]
[Date "2009.03.20"]
[Round "9"]
[White "Mellado Trivino,J"]
[Black "Ryan,Jo"]
[Result "1/2-1/2"]
[WhiteElo "2436"]
[BlackElo "2281"]

1.c4 c5 2.Nf3 Nf6 3.Nc3 g6 4.g3 Bg7 5.Bg2 O-O 6.O-O Nc6 7.d4 cxd4 8.Nxd4 Nxd4
9.Qxd4 d6 10.Qh4 Qa5  1/2-1/2

[Event "TCh-AUT 1st Bundesliga 2008-9"]
[Site "Ansfelden AUT"]
[Date "2009.03.22"]
[Round "11"]
[White "Georgiev,Ki"]
[Black "Ftacnik,L"]
[Result "1-0"]
[WhiteElo "2634"]
[BlackElo "2562"]

1.Nf3 Nf6 2.c4 c5 3.Nc3 e6 4.g3 b6 5.Bg2 Bb7 6.O-O Be7 7.d4 cxd4 8.Qxd4 Nc6
9.Qf4 d6 10.Rd1 a6 11.b3 Qc7 12.Ba3 Rd8 13.Rac1 Qb8 14.Rd3 O-O 15.Rcd1 e5
16.Qe3 b5 17.Nd5 b4 18.Nxf6+ Bxf6 19.Bb2 Ne7 20.Ng5 Bxg2 21.Kxg2 d5 22.cxd5 Qa8
23.Ne4 Rxd5 24.Rxd5 Nxd5 25.Qf3 Rd8 26.h4 Nc7 27.Nxf6+ gxf6 28.Rxd8+ Qxd8
29.Qg4+ Kh8 30.Qxb4 Ne6 31.Qb7 Kg7 32.Qxa6 Qd5+ 33.Kh2 Qc5 34.Kg1 Qc2 35.Ba3 Nd4
36.Be7 Nc6 37.Ba3 Nd4 38.Be7 Nc6 39.Qb7 Nxe7 40.Qxe7 Qxa2 41.b4 Qxe2 42.Qc5 e4
43.Qe3 Qc4 44.Qd2 h5 45.Kg2 Qc6 46.Kf1 Qb5+ 47.Ke1 Qe5 48.Qc1 Kg6 49.Qc5 Qa1+
50.Kd2 Qb2+ 51.Ke3 f5 52.Kf4 Qd2+ 53.Ke5 Qb2+ 54.Kd6 Qf6+ 55.Kd7 f4 56.gxf4 Qxh4
57.f5+ Kg5 58.b5 Qf4 59.f6+ Kg4 60.Ke7 h4 61.Kxf7 h3 62.Kg6 Kf3 63.f7 h2
64.f8=Q  1-0

[Event "Spring Open"]
[Site "Belgrade SRB"]
[Date "2009.03.23"]
[Round "3"]
[White "Ostojic,S"]
[Black "Zivkovic,S"]
[Result "0-1"]
[WhiteElo "1928"]
[BlackElo "2280"]

1.c4 Nf6 2.Nc3 c5 3.Nf3 g6 4.g3 Bg7 5.Bg2 Nc6 6.O-O d6 7.d3 O-O 8.Bd2 Rb8
9.a3 a6 10.Rb1 b5 11.b3 Bd7 12.Qc1 e5 13.Bh6 Nd4 14.Bxg7 Kxg7 15.Nxd4 exd4
16.Nd5 Nxd5 17.Bxd5 Re8 18.Qd2 Qe7 19.e3 Bh3 20.Rfe1 Qg5 21.f4 dxe3 22.Rxe3 Qf6
23.Bg2 Qd4 24.Re1 Bxg2 25.Kxg2 Rxe3 26.Qxe3 Qb2+ 27.Re2 Qxb3 28.f5 bxc4 29.Rf2 Qxd3
30.f6+ Kg8 31.Qh6 Qd5+ 32.Rf3 Rb2+ 33.Kh3 Qh5+ 34.Qxh5 gxh5 35.Re3 h6 36.Re8+ Kh7
37.Re7 Kg6 38.Ra7 c3 39.Rxa6 c2  0-1